Manifesto : (Record no. 2929)

MARC details
000 -LEADER
fixed length control field 00493nam a2200145 4500
001 - CONTROL NUMBER
control field 3596
005 - DATE AND TIME OF LATEST TRANSACTION
control field 20181127171552.0
090 00 - LOCALLY ASSIGNED LC-TYPE CALL NUMBER (OCLC); LOCAL CALL NUMBER (RLIN)
Classification number (OCLC) (R) ; Classification number, CALL (RLIN) (NR) 324.23 D7949ma
245 00 - TITLE STATEMENT
Title Manifesto :
Remainder of title Towards self-reliance with equity & justice /
Statement of responsibility, etc. Druk Phuensum Tshogpa.
Medium
260 00 - PUBLICATION, DISTRIBUTION, ETC.
Place of publication, distribution, etc. Thimphu :
Name of publisher, distributor, etc. Druk Phuensum Tshogpa,
Date of publication, distribution, etc. 2013.
300 00 - PHYSICAL DESCRIPTION
Extent 123 p. : col. ill. ; 30 cm.
500 00 - GENERAL NOTE
General note Second Parliamentary Election 2013-2018.
650 00 - SUBJECT ADDED ENTRY--TOPICAL TERM
Topical term or geographic name entry element Bhutan --Politics and government --2013-2018.
General subdivision
690 ## - LOCAL SUBJECT ADDED ENTRY--TOPICAL TERM (OCLC, RLIN)
Topical term or geographic name as entry element Druk Phuensum Tshogpa.
Holdings
Withdrawn status Lost status Source of classification or shelving scheme Damaged status Not for loan Collection code Home library Current library Shelving location Date acquired Serial Enumeration / chronology Inventory number Full call number Barcode Date last seen Copy number Price effective from Koha item type Total Checkouts Date last checked out
    Dewey Decimal Classification     STORAGE RTC Library RTC Library STORAGE 27/09/2021 6135 Periodicals Serials 30005103 27/11/2018 1 27/11/2018 Storage    
    Dewey Decimal Classification     Periodicals RTC Library RTC Library Periodicals   6136 Periodicals Serials 30005108 27/11/2018 2 27/11/2018 Periodicals    
    Dewey Decimal Classification     Periodicals RTC Library RTC Library Periodicals   6137 Periodicals Serials 30005113 27/11/2018 3 27/11/2018 Periodicals    
    Dewey Decimal Classification     Periodicals RTC Library RTC Library Periodicals   6138 Periodicals Serials 30005118 27/11/2018 4 27/11/2018 Periodicals    
    Dewey Decimal Classification     STORAGE RTC Library RTC Library STORAGE 27/09/2021 6139 Periodicals Serials 30002461 02/04/2019 5 27/11/2018 Storage 1 28/03/2019
Royal Thimphu College || All Right Reserved